| 000 | 00000nam 2200000za 4500 |
| 001 | 9.811933 |
| 003 | CaOODSP |
| 005 | 20241203113639 |
| 007 | cr ||||||||||| |
| 008 | 160226s2001 onc #o f000 0 eng d |
| 020 | |a0-662-31136-1 |
| 040 | |aCaOODSP|beng |
| 043 | |an-cn--- |
| 086 | 1 |aEn40-645/2001E-IN |
| 100 | 1 |q(Marc Albert)|aSaner, Marc A.|d1961- |
| 245 | 12|aA primer for scientists |h[electronic resource] : |bethical issues of environmental biotechnology research / |cMarc Saner. |
| 260 | |aOttawa : |bEnvironment Canada, |cc2001. |
| 300 | |a22 p. |
| 500 | |aIssued also in French under title: Notions élémentaires à l'intention des scientifiques : les aspects éthiques de la recherche en biotechnologie environnementale. |
| 504 | |aIncludes bibliographic references. |
| 692 | 07|2gccst|aBiotechnology |
| 692 | 07|2gccst|aEthics |
| 710 | 1 |aCanada. |bEnvironment Canada. |
| 710 | 2 |aInstitute on Governance. |
| 775 | 08|tNotions élémentaires à l'intention des scientifiques |w(CaOODSP)9.811937 |
| 856 | 40|qPDF|s247 KB|uhttps://publications.gc.ca/collections/collection_2016/eccc/En40-645-2001-eng.pdf |